Obnovitelné zdroje energie - budou záchranou?
Zavádzanie a praktické uplatnenie alternatívnych - obnoviteľných zdrojov energie vyžaduje koordinovaný a komplexný prístup k riešeniu. Obnoviteľné zdroje energie: vodná energia, veterná energia, slnečná energie, geotermálna energia, energia morského prílivu a odlivu, energia morského príboja, energi...
Guardado en:
| Autor principal: | |
|---|---|
| Formato: | Capítulo de libro |
| Lenguaje: | checo |
| Materias: | |
| Etiquetas: |
Sin Etiquetas, Sea el primero en etiquetar este registro!
|
MARC
| LEADER | 00000naa a2200000 4500 | ||
|---|---|---|---|
| 001 | 0200821 | ||
| 005 | 20231208081433.1 | ||
| 041 | 0 | |a cze | |
| 044 | |a SK | ||
| 245 | 1 | 0 | |a Obnovitelné zdroje energie - budou záchranou? |c Miroslav Richter |
| 520 | |a Zavádzanie a praktické uplatnenie alternatívnych - obnoviteľných zdrojov energie vyžaduje koordinovaný a komplexný prístup k riešeniu. Obnoviteľné zdroje energie: vodná energia, veterná energia, slnečná energie, geotermálna energia, energia morského prílivu a odlivu, energia morského príboja, energia z biomasy. Problémy spojené s energetikou a obnoviteľnými zdrojmi energie. | ||
| 610 | 2 | 0 | |a zdroje energie obnoviteľné |
| 610 | 2 | 0 | |a energia vodná |
| 610 | 2 | 0 | |a energia veterná |
| 610 | 2 | 0 | |a energia slnečná |
| 610 | 2 | 0 | |a energia geotermálna |
| 610 | 2 | 0 | |a biomasa |
| 610 | 2 | 0 | |a politika energetická |
| 610 | 2 | 0 | |a úspory energie |
| 100 | 1 | |a Richter, Miroslav | |